000 00570nam a2200229Ia 4500
003 OSt
005 20220924144756.0
006 a|||||r|||| 00| 0
007 ta
008 220923b |||||||| |||| 00| 0 urd d
024 _a321494
037 _cTextual
040 _aARTS
_cARTS
_burd
041 _2urd
_aurd
082 _aQ7, 168G7
100 _aAbdul Hayi Mohammad Au.
_9218401
245 0 _aSabeel-e-Islam
260 _c1937
650 _aISLAM
_9577
942 _hQ7, 168G7
_cTEXL
_2CC
999 _c458253
_d458253